| 000 | 00658nam a2200217 a 4500 | ||
|---|---|---|---|
| 005 | 20210219153315.0 | ||
| 008 | 991125n 000 0 eng u | ||
| 035 | _aUPN01000090661 | ||
| 100 | _aMcGee, Lea M. | ||
| 222 | _aREVIEW OF EDUCATIONAL RESEARCH | ||
| 245 | _aOn combining apples and oranges : a response to Stahl and Miller | ||
| 300 | _a133-140 | ||
| 362 | _a1990 60, no. 1 | ||
| 653 | 0 | _aACERCAMIENTO A LA EXPERIENCIA DEL LENGUAJE | |
| 653 | 0 | _aAPROXIMACION AL LENGUAJE EN GENERAL | |
| 653 | 0 | _aLECTURA INICIAL | |
| 653 | 0 | _aMETODOLOGIA DE LA INVESTIGACION | |
| 700 | _aLomax, Richard G. | ||
| 904 |
_aAC _b028472 |
||
| 905 | _aArticulo | ||
| 999 |
_c73675 _d73675 |
||